header

Assessing the impacts of changes in the information technology R&D ecosystem (Record no. 2085)

MARC details
000 -LEADER
fixed length control field 01852nam a2200325 a 4500
245 10 - TITLE STATEMENT
Title Assessing the impacts of changes in the information technology R&D ecosystem
260 ## - PUBLICATION, DISTRIBUTION, ETC. (IMPRINT)
Place of publication Washington, D.C. :
Name of publisher National Academies Press,
Year of publication 2009.
300 ## - PHYSICAL DESCRIPTION
Number of Pages xvi, 187 p. :
Other physical details ill.
650 #0 - SUBJECT ADDED ENTRY--TOPICAL TERM
Topical Term Information technology
Topical Term Research and development projects
856 40 - ELECTRONIC LOCATION AND ACCESS
Uniform Resource Identifier http://site.ebrary.com/lib/rucke/Doc?id=10286196

No items available.

© 2026 Rongo University
Contact us: librarian | system librarian | Rongo university